Теория и методология стратегического управления по критерию конкурентной устойчивости Монография
Исследованы изменение предмета стратегического управления в контексте конкурентных отношений тенденции и вызовы стратегического управления в XXI веке. Предложена трехмерная модель обеспечения конкурентной устойчивости в рамках концепции жизненного цикла. Предназначена преподавателям и студентам экон...
Salvato in:
| Autore principale: | |
|---|---|
| Natura: | Монография |
| Accesso online: | https://znanium.com/catalog/document?id=432938 https://znanium.com/cover/2091/2091408.jpg |
| Tags: |
Aggiungi Tag
Nessun Tag, puoi essere il primo ad aggiungerne! !
|
| LEADER | 02393nam0a2200301 i 4500 | ||
|---|---|---|---|
| 001 | RU\infra-m\znanium\bibl\2091408 | ||
| 003 | https://znanium.com/catalog/document?id=432938 | ||
| 005 | 20230728000000.0 | ||
| 010 | |a 978-5-7638-4647-8 | ||
| 100 | |a 20230728d2023 m y0rusy0150 ca | ||
| 101 | 0 | |a rus | |
| 102 | |a RU | ||
| 200 | 1 | |a Теория и методология стратегического управления по критерию конкурентной устойчивости |e Монография |f Сибирский федеральный университет | |
| 210 | 1 | |a Красноярск |c Сибирский федеральный университет |d 2022 | |
| 215 | |a 172 с. | ||
| 330 | |a Исследованы изменение предмета стратегического управления в контексте конкурентных отношений тенденции и вызовы стратегического управления в XXI веке. Предложена трехмерная модель обеспечения конкурентной устойчивости в рамках концепции жизненного цикла. Предназначена преподавателям и студентам экономических вузов а также руководителям и менеджерам компаний. | ||
| 333 | |a ВО - Магистратура | ||
| 606 | |a Бизнес. Предпринимательство. Сервис |x Конкурентные стратегии. Конкурентная разведка |2 local | ||
| 606 | |a Управление (менеджмент) |x Стратегический менеджмент |2 local | ||
| 608 | |a Монография |2 local | ||
| 675 | |a 650 |z rus | ||
| 686 | |a 6529 |2 rubbk | ||
| 686 | |a 38.04.01 |2 okso | ||
| 686 | |a 38.04.02 |2 okso | ||
| 700 | 1 | |a Максименко |b И.А. |g Ирина Анатольевна |p Сибирский федеральный университет | |
| 801 | 0 | |a RU |b Общество с ограниченной ответственностью «ЗНАНИУМ» |c 20230727 |2 rusmarc | |
| 856 | 4 | |a znanium.com |m ebs_support@infra-m.ru |n НИЦ ИНФРА-М |u https://znanium.com/catalog/document?id=432938 | |
| 856 | 4 | 1 | |a znanium.com |d /cover/2091 |f 2091408.jpg |q image/jpeg |u https://znanium.com/cover/2091/2091408.jpg |